000 00313nam a22001337a 4500
020 _a0-7214-1621-7
082 _a823
_bMUR/R
100 _aMURRY WILLIAM
245 _aTHE DREAM
_bREAD WITH ME- KEY WORDS READING SCHEME
260 _aITALY
_bUK
300 _a41
650 _aENGLISH SHORT STORY
_zITALY
942 _cBK
999 _c2341
_d2341